Statistics for Foods by Country Quiz

Click here to take the quiz!

General Stats

  • This quiz has been taken 157,045 times
    (127,648 since last reset)
  • The average score is 14 of 21

Answer Stats

Food Country % Correct
SushiJapan
100%
TacoMexico
93%
LasagneItaly
92%
CroissantAustria
92%
BratwurstGermany
83%
Shepherd's PieEngland
79%
PaellaSpain
77%
Dim SumChina
76%
Tandoori ChickenIndia
73%
HaggisScotland
69%
VegemiteAustralia
66%
PhởVietnam
64%
KimchiKorea
64%
Clam ChowderUnited States
64%
GyroGreece
62%
GoulashHungary
62%
Apple StrudelAustria
58%
PączkiPoland
53%
PoutineCanada
51%
BiltongSouth Africa
25%
PupusaEl Salvador
14%

Score Distribution

Percentile by Number Answered

Percent of People with Each Score

Your Score History

You have not taken this quiz since the last reset